ბათუმის შოთა რუსთაველის სახელმწიფო უნივერსიტეტის ბიბლიოთეკა

აგრარული საწარმოს ეკონომიკა : (ბიბ.ჩანაწერი № 63168)

000 -ლიდერი
ფიქსირებული სიგრძის საკონტროლო ველი 01655nam a22002897a 4500
003 - საკონტროლო ნომრის იდენტიფიკატორი
საკონტროლო ველი Ge_BSU
005 - ბოლო ოპერაციის თარიღი და დრო
საკონტროლო ველი 20250616115746.0
008 - ფიქსირებული სიგრძის მონაცემთა ელემენტები - ზოგადი ინფორმაცია
ფიქსირებული სიგრძის საკონტროლო ველი 250616s2010 ge ||||| |||| 00| 0 geo d
020 ## - წიგნის საერთაშორისო სტანდარტული ნომერი
International Standard Book Number 9789994060900
041 ## - ენის კოდი
Language code of text/sound track or separate title geo
080 ## - უნივერსალური ათობითი კლასიფიკაციის ინდექსი
Universal Decimal Classification number 332 : 338.43](075.8) კ-79
100 ## - მთავარი ჩანაწერი - პიროვნების სახელი
Personal name კოღუაშვილი, პაატა
9 (RLIN) 25429
245 ## - ცნობა სათაურის შესახებ
Title აგრარული საწარმოს ეკონომიკა :
Remainder of title [სახელმძღვ.] /
Statement of responsibility, etc პაატა კოღუაშვილი, გიორგი ზიბზიბაძე; [სარედ. კოლ.: როზ. ასათიანი [და სხვ.]].
264 ## - წარმოების, გამოცემის, დისტრიბუციის და სხვა ცნობები
გამოცემის, წარმოების, დისტრიბუციის... ადგილი თბ. :
გამოცემის, წარმოების, დისტრიბუციის... სახელწოდება საარი,
გამოცემის, წარმოების, დისტრიბუციის... თარიღი 2010.
300 ## - ფიზიკური აღწერა
Extent 250 გვ. :
Other physical details ცხრ., ნახ. ;
Dimensions 29 სმ.
653 ## - INDEX TERM--UNCONTROLLED
Uncontrolled term აგრარული საკითხი.
653 ## - INDEX TERM--UNCONTROLLED
Uncontrolled term სოფლის მეურნეობის ეკონომიკა
700 ## - ADDED ENTRY--PERSONAL NAME
Personal name ზიბზიბაძე, გიორგი
Relator term ავტორი
9 (RLIN) 25430
700 ## - ADDED ENTRY--PERSONAL NAME
Personal name ასათიანი, როზ
Relator term რედაქტორი
9 (RLIN) 25431
700 ## - ADDED ENTRY--PERSONAL NAME
Personal name კოღუაშვილი, პ.
Relator term რედაქტორი
9 (RLIN) 25432
700 ## - ADDED ENTRY--PERSONAL NAME
Personal name კუნჭულია, თ.
Relator term რედაქტორი
9 (RLIN) 7282
700 ## - ADDED ENTRY--PERSONAL NAME
Personal name სილაგაძე, ა.
Relator term რედაქტორი
9 (RLIN) 2410
700 ## - ADDED ENTRY--PERSONAL NAME
Personal name რამიშვილი, ბ.
Relator term რედაქტორი
9 (RLIN) 25433
700 ## - ADDED ENTRY--PERSONAL NAME
Personal name ქეშელაშვილი, ო.
Relator term რედაქტორი
9 (RLIN) 25434
700 ## - ADDED ENTRY--PERSONAL NAME
Personal name ხარაიშვილი, ე.
Relator term რედაქტორი
9 (RLIN) 25435
942 ## - ADDED ENTRY ELEMENTS (KOHA)
Source of classification or shelving scheme
Koha item type წიგნი
ეგზემპლარები
ჩამოწერის სტატუსი დაკარგული ეგზემპლარის სტატუსი კლასიფიკაციის წყარო ან თაროზე გაწყობის სქემა დაზიანების სტატუსი არ გაიცემა მუდმივი მდებარეობა (დაცვის ადგილი) ამჟამინდელი ადგილსამყოფელი თაროზე განთავსების ადგილი შეძენის თარიღი ღირებულება, შესყიდვის ნორმალური ფასი სრული შენახვის შიფრი შტრიხკოდი ბოლო ოპერაციის თარიღი ეგზემპლარის მიმდევრობითი ნომერი (კეტერი?) ფასის ძალაში შესვლის თარიღი ეგზემპლარის სახეობა საჯარო შენიშვნა
          აგრარული და მემბრანული ტექნოლოგიების ინსტიტუტის ბიბლიოთეკა აგრარული და მემბრანული ტექნოლოგიების ინსტიტუტის ბიბლიოთეკა წიგნსაცავი 2025-06-16 8.00 332 : 338.43](075.8) კ-79 71822 2025-06-16 71822 2025-06-16 წიგნი 8 ლ.